Psychology: (Record no. 730)

MARC details
000 -LEADER
Fixed length control field 00470nam a2200181Ia 4500
003 - CONTROL NUMBER IDENTIFIER
Control field IIN
005 - DATE AND TIME OF LATEST TRANSACTION
Control field 20240129120019.0
008 - FIXED-LENGTH DATA ELEMENTS--GENERAL INFORMATION
Fixed length control field 231217s9999 xx 000 0 und d
020 ## - INTERNATIONAL STANDARD BOOK NUMBER / ISBN
Price Rs.450.00
International Standard Book Number 9789350902035
040 ## - CATALOGING SOURCE
Original cataloging agency IIN
Language of cataloging English
082 ## - DEWEY DECIMAL CLASSIFICATION NUMBER
Classification number 150.2461073
Book Number KON
100 1# - MAIN ENTRY--PERSONAL NAME
Personal name Konnur, Rajesh G.
245 1# - TITLE STATEMENT
Title Psychology:
Sub title for Graduate Nurses
Statement of responsibility Rajesh G. Konnur
260 ## - IMPRINT
Name of publisher Jaypee
Place of publication New Delhi
Date of publication 2013
300 ## - PHYSICAL DESCRIPTION
Page / Vol. No xiv, 243 p.
650 1# - SUBJECT ADDED ENTRY--TOPICAL TERM
Topical term Psychology
942 ## - ADDED ENTRY ELEMENTS (KOHA)
Koha item type Books
Holdings
Withdrawn status Lost status Source of classification Damaged status Not for loan Collection code Home library Current library Date acquired Price Total Checkouts Call number Accession number Date last seen Price effective from Koha item type
    Dewey Decimal Classification       IDEAL INSTITUTE OF NURSING IDEAL INSTITUTE OF NURSING 17/12/2023 450.00   150.2461073 KON 725 17/12/2023 17/12/2023 Books
    Dewey Decimal Classification       IDEAL INSTITUTE OF NURSING IDEAL INSTITUTE OF NURSING 17/12/2023 450.00   150.2461073 KON 726 17/12/2023 17/12/2023 Books
© Ideal Institute Of Nursing, All rights reserved.         Powered by Koha